Sociologie des inégalités (notice n° 2198798)

détails MARC
000 -LEADER
fixed length control field 01535cam a2200145 4500500
005 - DATE AND TIME OF LATEST TRANSACTION
control field 20260405085606.0
041 ## - LANGUAGE CODE
Language code of text/sound track or separate title fre
042 ## - AUTHENTICATION CODE
Authentication code dc
100 10 - MAIN ENTRY--PERSONAL NAME
Personal name Galland, Olivier
Relator term author
245 00 - TITLE STATEMENT
Title Sociologie des inégalités
260 ## - PUBLICATION, DISTRIBUTION, ETC.
Name of publisher, distributor, etc. Armand Colin,<br/>
Date of publication, distribution, etc. 2024.<br/>
520 ## - SUMMARY, ETC.
Summary, etc. La question des inégalités (de classe, de statut économique, de genre, ethno raciales…), définies comme une différence d’accès à des biens sociaux jugée injustifiée, est au cœur de la sociologie.Ce manuel a pour ambition de proposer le bilan le plus complet possible des travaux et connaissances sociologiques sur le sujet, et d’ouvrir des pistes de réflexion sur le domaine: quelle est la genèse de la notion d’inégalité&amp;#8239;? Pourquoi les inégalités se transmettent-elles et se reproduisent-elles&amp;#8239;? Quels sont les rôles respectifs de la famille, du système éducatif, des pouvoirs publics&amp;#8239;? Comment et dans quelle mesure l’État parvient-il à corriger les inégalités de départ entre les groupes sociaux&amp;#8239;?L’ouvrage est illustré par de nombreux exemples internationaux et des figures originales.Des compléments sont disponibles dans la rubrique «ressources numériques». Ils permettent d’approfondir certains concepts présentés dans l’ouvrage et proposent plus de 500 références en grande partie internationales.
700 10 - ADDED ENTRY--PERSONAL NAME
Personal name Lemel, Yannick
Relator term author
856 41 - ELECTRONIC LOCATION AND ACCESS
Uniform Resource Identifier <a href="https://shs.cairn.info/sociologie-des-inegalites-2e-ed--9782200637040?lang=fr&redirect-ssocas=7080">https://shs.cairn.info/sociologie-des-inegalites-2e-ed--9782200637040?lang=fr&redirect-ssocas=7080</a>

Pas d'exemplaire disponible.

PLUDOC

PLUDOC est la plateforme unique et centralisée de gestion des bibliothèques physiques et numériques de Guinée administré par le CEDUST. Elle est la plus grande base de données de ressources documentaires pour les Étudiants, Enseignants chercheurs et Chercheurs de Guinée.

Adresse

627 919 101/664 919 101

25 boulevard du commerce
Kaloum, Conakry, Guinée

Réseaux sociaux

Powered by Netsen Group @ 2025